000 00625nam a2200241 i 4500
001 C2-0275095
003 PPAK
005 20180728003945.0
008 061015s2005 enk |||| ||||| | eng d
020 _a0007197675
040 _aPPAK
_beng
_cPPAK
_erda
082 0 4 _a650.1
_223
090 0 0 _a650.1
_bWEL
_dLCK
100 1 _aWelch, Jack,
_eauthor
245 1 0 _aWinning
264 1 _aLondon :
_bHarperCollins Publishers ,
_c2005
300 _axi,372 pages ;
_c23 cm
336 _2rdacontent
_atext
337 _2rdamedia
_aunmediated
338 _2rdacarrier
_avolume
650 1 0 _aSuccess in business.
942 _ddc
_cB
999 _c82785
_d82785